Wszystkie Transfery Widzewa Łódź - Lato 2025 - Statystyki

Ogólne statystyki
  • Ten quiz został rozwiązany 37 razy
  • Średni wynik to 12 z 15
Statystyki odpowiedzi
Narodowość Wartość Transferu Piłkarz % Poprawnych
Polska 1,50 mln € Mariusz Fornalczyk
97%
Nigeria 750 tyś € Samuel Akere
91%
Senegal Za darmo Pape Meïssa Ba
88%
Szwajcaria 2 mln € Andi Zeqiri
85%
Hiszpania Za darmo Ángel Baena
85%
Polska Za darmo Sebastian Bergier
85%
Kanada/Polska Za darmo Antoni Klukowski
79%
Hiszpania 425 tyś € Ricardo Visus
76%
Serbia 500 tyś € Veljko Ilic
76%
Kosowo 200 tyś € Dion Gallapeni
73%
Chorwacja Za darmo Tonio Teklic
73%
Albania/Belgia Za darmo Lindon Selahi
70%
Polska 300 tyś € Maciej Kikolski
67%
Cypr/Belgia 1,30 mln € Stelios Andreou
67%
Dania 100 tyś € Peter Therkildsen
58%
Nie znaleziono quizów pasujących do podanych kryteriów
Rozkład punktacji
Procent ludzi z każdym wynikiem
Percentyl według liczby udzielonych odpowiedzi
Twoja historia wyników
Nie rozwiązałeś tego quizu